1418 1450 1865 1457 1757 1498 1837 1480 1958 1972 1022 1899 1882 1911 1532 1277 1537 1904 1015 1775 1294 1982 1450 1171 1822 1601 1509 1370 1818 1592 1081 1300 1596 1020 1565 1383 1067 1990 1827 1925 1303 1491 1025 1202 1142 1192 1663 1842 1697 1870 1657 1120 1618 1241 1271 1091 1692 1386 1443 1560 1383 1810 1245 1305 1514 1204 1428 1895 1435 1489 1302 1280 1162 1711 1255 1190 1023 1685 1652 1210 1165 1335 1740 1639 1365 1881 1708 1661 1826 1475 1642 1720 1666 1933 1394 1482 1558 1153 1047 BCNSPRNW ULIB Ver.6.0+V

เปลี่ยนเป็นภาษาไทย

Change to English
 แสดงรายละเอียดบรรณานุกรม
  กลับหน้าหลัก

Brief Record : Get Marc (ISO 2709) : E-mail record : QR code < ปิดหน้าต่าง
LEADER : 00000nam 2200000uu 4500
001    13399112294
003     ULIB
008    110627s2551||||th 000 0 tha d
020    9789741004942
090    นว.^bว153ก 2551
100 0  วชิราภา
245 00 กามเทพป่วนก๊วนสาวโสด/^cวชิราภา
250    พิมพ์ครั้งที่ 1
260    กรุงเทพฯ :^bมิตรสัมพันธ์กราฟฟิก,^c2551
300    391 หน้า
945    ^p245^l0^i023614
995    ทศพร
999 ^a ใช้งานได้ทุกระบบ
รายการนี้ยังไม่มีแท็ก
คุณยังไม่ได้ล็อกอิน คุณสามารถมีกิจกรรมร่วมกับเว็บไซต์ได้ แต่ต้องล็อกอินก่อน ::
  ล็อกอิน

รายการสื่อสารสนเทศ

ลำดับที่ ประเภท เลขเรียก/บาร์โค้ด สถานที่ สถานะ
- ไม่พบข้อมูล -

BibComment


ยังไม่เคยถูกคอมเมนท์

คอมเมนท์ทรัพยากรรายการนี้
  คอมเมนท์: กามเทพป่วนก๊วนสาว..


 Copyright 2026. Bcnsprnw @Library